000 00645cam a22002173a 4500
001 45378
003 PGUSA
005 20140828084040.0
008 140414s2014||||xxu|||||s|||||000 | eng d
040 _aPGUSA
_beng
042 _adc
100 1 _aSchiller, Friedrich,
_d1759-1805
245 1 0 _aWilhelm Tell :
_bViisinäytöksinen näytelmä
_h[electronic resource] /
_cFriedrich Schiller
260 _bProject Gutenberg,
_c2014
506 _aPublic domain in the USA.
516 _aElectronic text
700 1 _aLeino, Eino,
_d1878-1926
830 0 _aProject Gutenberg
_v45378
856 4 0 _uhttp://www.gutenberg.org/ebooks/45378
942 _cEB
999 _c274629
_d274629